Statistiken für Landeshauptstädte Deutschlands

Klicken Sie hier um das Quiz zu spielen!

Allgemein

  • Dieses Quiz wurde 72 mal gespielt
  • Das Durchschnittsergebnis liegt bei 15 aus 16

Antwortstatistiken

BundeslandHaupstadt% Korrekt
BayernMünchen
100%
BerlinBerlin
97%
Schleswig-HolsteinKiel
97%
BremenBremen
96%
SachsenDresden
96%
HamburgHamburg
96%
BrandenburgPotsdam
96%
SaarlandSaarbrücken
96%
Baden-WürttembergStuttgart
96%
Nordrhein-WestfalenDüsseldorf
94%
HessenWiesbaden
93%
NiedersachsenHannover
91%
Rheinland-PfalzMainz
91%
ThüringenErfurt
90%
Mecklenburg-VorpommernSchwerin
88%
Sachsen-AnhaltMagdeburg
87%

Verteilung der Resultate

Perzentil nach korrekt beantworteten Fragen

Anzahl Personen mit jedem Resultat

Ihre Resultats-Entwicklung

Sie haben dieses Quiz noch nicht gespielt